| 000 | 00521nam a2200181Ia 4500 | ||
|---|---|---|---|
| 008 | 151202s9999||||xx |||||||||||||| ||und|| | ||
| 082 | _bPNVM-53429 | ||
| 100 | _aकुलकर्णी मंगला. | ||
| 245 | _aसाद. | ||
| 260 | _bशकून प्रकाशन पुणे. | ||
| 260 | _c1985 | ||
| 300 | _a112 | ||
| 600 | _aकुलकर्णी मंगला. | ||
| 630 | _aसाद. | ||
| 700 | _aकुलकर्णी मंगला. | ||
| 730 | _aसाद. | ||
| 942 | _cBOOK | ||
| 999 |
_c1319968 _d1319965 |
||